000 00572nam a2200229Ia 4500
003 OSt
005 20221006164243.0
006 a|||||r|||| 00| 0
007 ta
008 221006b |||||||| |||| 00| 0 eng d
024 _a90
037 _cTextual
040 _aFML
_cFML
_beng
041 _2eng
_aeng
082 _aP, K3
100 _aBloomfield Leonard Au.
_9676957
245 0 _aLanguage
260 _aDelhi
_bMotilal Banarasidas
_c1963
300 _a566
_ccm.
942 _hP, K3
_cTEXL
_2CC
999 _c1116646
_d1116646